(NEW) Pick the Team that... - Statistics

General Stats
  • This quiz has been taken 429 times
    427 since last reset
  • The average score is 12 of 15
Answer Stats
Question Answer % Correct
does not start with the word "Team"
99%
has won two International Events IN A ROW
97%
has won an International Event
96%
has won TWO International Events
96%
has NOT won an International Event post-franchising
95%
has NOT appeared in the entire quiz so far
93%
has a number in their FULL name
92%
has a logo made out of ONLY ONE color Karmine Corp
88%
did NOT win Ascension
87%
HAS qualified to an International Event (post-franchising)
82%
has NEVER qualified to an International Event (post-franchising)
77%
does NOT have an Academy Team
57%
has a starting roster entirely from ONE country
50%
has lowercase letters in their FULL name
30%
does NOT have its headquarters in a capital city
30%
No matching quizzes found
Score Distribution
Percent of People with Each Score
Percentile by Number Answered
Your Score History
You have not taken this quiz since the last reset